00161 a2200073 45000010005000001000010000052450062000152600010000779122 aT F A a100 years of soccer in pictures.(W/O vide BOO on 1992-93) bT F A